Guess the Footballers by their Teams #3 - Statistics

General Stats
  • This quiz has been taken 651 times
  • The average score is 8 of 10
Answer Stats
Hint Answer % Correct
1994-2014. Monaco B, Monaco, Juventus, Arsenal, Barcelona, New York Red Bulls, Arsenal (loan), France. Thierry Henry
94%
2005-. Rosario Central, Benfica, Real Madrid, Manchester United, Paris Saint-Germain, Argentina. Angel Di Maria
92%
1943-1966. Budapest Honved, Real Madrid, Hungary, Spain. Ferenc Puskas
87%
2016-. Benfica B, Benfica, Atletico Madrid, Portugal Joao Felix
83%
2006-. Rot Weiss Ahlen II, Rot Weiss Ahlen, Borussia Monchengladbach, Borussia Dortmund, Germany. Marco Reus
81%
1950-1970. Dynamo Moscow, Soviet Union. Lev Yashin
76%
2009-. Tottenham Hotspur, Leyton Orient (loan), Millwall (loan), Norwich City (loan), Leicester City (loan), England. Harry Kane
75%
1991-2014. Padova, Juventus, Sydney FC, Delhi Dynamos, Italy Alessandro Del Piero
57%
1999-2019. Arsenal, Crystal Palace (loan), Chelsea, Roma, LA Galaxy, Derby County, England. Ashley Cole
56%
1992-2007. FC Zwolle, SC Cambuur, Willem II, PSV Eindhoven, Manchester United, Lazio, Milan, Ajax, Netherlands Jaap Stam
51%
No matching quizzes found
Score Distribution
Percent of People with Each Score
Percentile by Number Answered
Your Score History
You have not taken this quiz